VMS Library
Email : library.aptu@gmail.com / Tel. 0-2986-9605-6 ext.2003 / Line Official : @vmslibrary
เปลี่ยนเป็นภาษาไทย

Change to English
 แสดงรายละเอียดบรรณานุกรม
  กลับหน้าหลัก

Brief Record : Get Marc (ISO 2709) : E-mail record : QR code ปิดหน้าต่าง
E-Book หนังสือทั่วไป : เกี่ยวกับ Collections
LEADER 01174nam 2200277 a 4500
001    13399123423
003     ULIBM
008    030417s2549 caua sb 001 0 tha
099    ^aว ผม.มธ. 22 2549
100    ^aพรพิมาส ทิพย์ธราดล
245    ^aการจัดการพื้นที่ทุติยภูมิและสภาพแวดล้อมเพื่อความปลอดภัยของเมือง:กรณีศึกษาย่านสุทธิสาร /^cพรพิมาส ทิพย์ธราดล.
246    ^aSecondary area and environmental management for urban safety: a case study of Suthisarn area /^xPornpimas Tiptaradol.
260    ^aกรุงเทพฯ :^bมหาวิทยาลัยธรรมศาสตร์,^c2549.
300    ^a8, 98 แผ่น.
502    ^aวิทยานิพนธ์คณะสถาปัตยกรรมศาสตร์^xสาขาการผังเมืองบัณฑิต.
650  7 ^aพื้นที่ทุติยภูมิ.
650  7 ^aความปลอดภัยของเมือง.
710 0  ^aฉวีวรรณ เด่นไพบูลย์, ^eอาจารย์ที่ปรึกษา.
856    ^uhttps://digital.library.tu.ac.th/tu_dc/frontend/Info/item/dc:339043 ^zเอกสารฉบับเต็ม (ดูรายบทคลิกที่ Bookmarks)
913    ^aImported by ULIBM Administrator
949    ^aImport form external file by ULIBM system
รายการนี้ยังไม่มีแท็ก
คุณยังไม่ได้ล็อกอิน คุณสามารถมีกิจกรรมร่วมกับเว็บไซต์ได้ แต่ต้องล็อกอินก่อน ::
  ล็อกอิน
ไม่มีไอเทมให้บริการ
ไม่มีไอเทมให้บริการ

BibComment


ยังไม่เคยถูกคอมเมนท์

คอมเมนท์ทรัพยากรรายการนี้
  คอมเมนท์: การจัดการพื้นที่..
Bib 13399123423
 
 
 

 Union Library Management : ULibM
Copyright 2026. All Rights Reserved.